00610nam a22001817a 450000500170000001000150001702000260003203500140005803700090007208200110008110000180009224501230011026000400023327000840027330000200035770000270037770000240040420250107142838.0 aENG-143210 a9789395422253c500.00 aEN-126742 bDBAD a370.15 aP. Muthukumar aTeaching and Learning with Emerging Technology:bA Future Perspective/cby P. Muthukumar; A.R.S Kannan [and] K. Malini aMaduraibShanlax Publicationsc2022 a61, T.P.K., Main Road, Vasantha NagarbMadurai e625003mshanlax_1990@yahoo.com a338p.c24cm(pb) aKannan, A.R.S eAuthor aMalini, K. eAuthor